Miejsca fikcyjne A-Z - Statystyki

Ogólne statystyki
  • Ten quiz został rozwiązany 30 razy
  • Średni wynik to 10 z 26
Statystyki odpowiedzi
Litera Podpowiedź Fikcyjne miejsce % Poprawnych
O "Czarnoksiężnik z Krainy..." Oz
100%
N Można spotkać tam Piotrusia Pana Nibylandia
93%
J Świat dżungli w grze planszowej Jumanji
89%
A Więzienie w Harrym Potterze Azkaban
85%
W Miejsce akcji serialu "Ranczo" Wilkowyje
81%
G Batman broni to miasto przed złem Gotham City
78%
Ć Ulica zamieszkania rodziny Kiepskich Ćwiartki
70%
K Planeta urodzenia Supermana Krypton
63%
V Miasto z serii GTA. Akcja nadchodzącej części będzie się w nim dziać Vice City
63%
C Zamek-miasto zamieszkiwane przez króla Artura, jego żonę Ginewrę oraz doradcę króla - Merlina Camelot
59%
U Idealne państwo przedstawione przez Tomasza Morusa Utopia
52%
B Miasto leżące głęboko w oceanie. Mieszka tam Spongebob Bikini Dolne
37%
Z Przeprowadza się tam Judy Hops Zwierzogród
33%
E Jedno z głównych miejsc w Hobbicie. Zwane też jako Samotna Góra Erebor
26%
D Bagnista planeta z Gwiezdnych Wojen. Mieszkał na niej Yoda Dagobah
19%
F Miejsce akcji filmu "Niekończąca się opowieść" Fantazja
15%
Q Dzieje się tam akcja serialu "Family Guy" Quahog
15%
S Mieszka tam Homer Simpson Springfield
15%
H Królestwo gdzie dzieje się akcja większości gier z serii The Legend of Zelda Hyrule
7%
R Kluczowe miejsce w serii Resident Evil Raccoon City
7%
X Planeta z uniwersum Marvela. Jest stolicą imperium Nova Xandar
7%
I Stolica krasnoludów w World of Warcraft Ironforge
0%
L Niewielkie miasteczko z gry RuneScape położone w królestwie Misthalin Lumbridge
0%
M Największe z trzech miast Zatoki Smoków z Gry o Tron Meereen
0%
P Miejsce zamieszkania Asha Ketchuma Pallet Town
0%
T Świat zmarłych z filmu "Coco" Tierra de los Muertos
0%
Nie znaleziono quizów pasujących do podanych kryteriów
Rozkład punktacji
Procent ludzi z każdym wynikiem
Percentyl według liczby udzielonych odpowiedzi
Twoja historia wyników
Nie rozwiązałeś tego quizu